000 00519nam a22001811a 4500
001 1129
003 OSt
005 20260204211722.0
008 040116s1995||||dr ||||||b||||||||||spa||
050 _aRD 346.0163 P415l
082 _aRD 346.0163 P415l
100 _aPérez de León, Rafael Tulio
245 _aLey sobre procedimiento de casación / Rafael Tulio Pérez de León
264 _aSanto Domingo : Capeldom
300 _a296 p.
650 _a1.Recurso de Casación - República DominicanaÌ
942 _2ddc
_cBK
999 _c1129
_d1129